[Event "Team Championship Russia (Blitz, Men)"]
[Site "Sochi"]
[Date "2018.10.10"]
[Round "3.30"]
[White "Dulenko, Maxim"]
[Black "Jary, Sergey"]
[Result "0-1"]
[BlackElo "2305"]
[WhiteElo "2237"]
[LiveChessVersion "1.4.8"]

1. e4 {[%clk 0:03:03]} e6 {[%clk 0:03:04]} 2. d4 {[%clk 0:03:02]} d5 3. e5 c5 4.
c3 Nc6 {[%clk 0:03:07]} 5. Nf3 {[%clk 0:03:07]} c4 {[%clk 0:03:05]} 6. Nbd2
{[%clk 0:03:06]} b5 {[%clk 0:03:06]} 7. a3 {[%clk 0:02:59]} a5 {[%clk 0:03:03]}
8. g3 {[%clk 0:02:52]} Nge7 {[%clk 0:02:52]} 9. h4 {[%clk 0:02:52]} Bd7
{[%clk 0:02:53]} 10. Bh3 {[%clk 0:02:53]} Nc8 {[%clk 0:02:53]} 11. O-O
{[%clk 0:02:50]} Nb6 {[%clk 0:02:54]} 12. Re1 {[%clk 0:02:29]} h6
{[%clk 0:02:53]} 13. Nf1 {[%clk 0:02:29]} Qc7 {[%clk 0:02:47]} 14. Ne3
{[%clk 0:02:30]} Be7 {[%clk 0:02:37]} 15. Nh2 {[%clk 0:02:15]} b4
{[%clk 0:02:31]} 16. axb4 {[%clk 0:02:16]} axb4 {[%clk 0:02:33]} 17. Rxa8+
{[%clk 0:02:16]} Nxa8 {[%clk 0:02:34]} 18. f4 {[%clk 0:02:14]} g6
{[%clk 0:02:30]} 19. h5 {[%clk 0:02:13]} g5 {[%clk 0:02:24]} 20. f5
{[%clk 0:02:11]} Nb6 {[%clk 0:02:22]} 21. fxe6 {[%clk 0:02:06]} fxe6
{[%clk 0:02:17]} 22. Qc2 {[%clk 0:02:06]} Kd8 {[%clk 0:02:02]} 23. Qg6
{[%clk 0:02:04]} Kc8 {[%clk 0:01:53]} 24. Bxe6 {[%clk 0:02:05]} Bxe6
{[%clk 0:01:54]} 25. Qxe6+ {[%clk 0:02:06]} Qd7 {[%clk 0:01:56]} 26. Qxd7+
{[%clk 0:02:01]} Kxd7 {[%clk 0:01:56]} 27. Nhg4 {[%clk 0:02:02]} Ke6
{[%clk 0:01:53]} 28. Rf1 {[%clk 0:02:03]} Na4 {[%clk 0:01:48]} 29. Nd1
{[%clk 0:01:17]} Na7 {[%clk 0:01:39]} 30. Bd2 {[%clk 0:01:07]} Nb5
{[%clk 0:01:39]} 31. Kf2 {[%clk 0:01:01]} Nxb2 {[%clk 0:01:37]} 32. cxb4
{[%clk 0:00:42]} Nxd1+ {[%clk 0:01:29]} 33. Rxd1 {[%clk 0:00:41]} Nxd4
{[%clk 0:01:24]} 34. Be3 {[%clk 0:00:37]} Nb5 {[%clk 0:01:22]} 35. Nf6
{[%clk 0:00:36]} Bxf6 {[%clk 0:01:19]} 36. exf6 {[%clk 0:00:36]} Rf8
{[%clk 0:01:20]} 37. Ke2 {[%clk 0:00:31]} Rxf6 {[%clk 0:01:16]} 38. Ra1
{[%clk 0:00:30]} d4 {[%clk 0:01:12]} 39. Bd2 {[%clk 0:00:29]} Kd5
{[%clk 0:01:10]} 40. Ra5 {[%clk 0:00:30]} Re6+ {[%clk 0:01:08]} 41. Kd1
{[%clk 0:00:31]} Rb6 {[%clk 0:01:09]} 42. Kc2 {[%clk 0:00:32]} Ke4
{[%clk 0:01:06]} 43. Be1 {[%clk 0:00:33]} d3+ {[%clk 0:01:08]} 44. Kb2
{[%clk 0:00:33]} Nd4 {[%clk 0:01:08]} 45. Ra8 {[%clk 0:00:33]} Nc2
{[%clk 0:01:09]} 46. Re8+ {[%clk 0:00:34]} Kf3 {[%clk 0:01:10]} 47. Bc3
{[%clk 0:00:35]} Nxb4 {[%clk 0:01:11]} 48. Bxb4 {[%clk 0:00:36]} Rxb4+
{[%clk 0:01:12]} 49. Kc3 {[%clk 0:00:38]} Rb6 {[%clk 0:01:10]} 50. Kxc4
{[%clk 0:00:32]} Rd6 {[%clk 0:01:11]} 51. Re1 {[%clk 0:00:33]} d2 52. Rd1 Ke2
{[%clk 0:01:13]} 0-1

[Event "Team Championship Russia (Blitz, Men)"]
[Site "Sochi"]
[Date "2018.10.10"]
[Round "3.31"]
[White "Papenin, Nikolai"]
[Black "Mamedov, Elmin"]
[Result "0-1"]
[BlackElo "2184"]
[WhiteElo "2337"]
[LiveChessVersion "1.4.8"]

1. d4 {[%clk 0:03:03]} Nf6 2. c4 c5 {[%clk 0:03:04]} 3. d5 {[%clk 0:03:06]} e6
{[%clk 0:03:05]} 4. Nc3 {[%clk 0:03:07]} exd5 {[%clk 0:03:06]} 5. cxd5
{[%clk 0:03:08]} d6 {[%clk 0:03:08]} 6. e4 {[%clk 0:03:09]} g6 {[%clk 0:03:07]}
7. Bd3 {[%clk 0:03:09]} Bg7 {[%clk 0:03:08]} 8. Nge2 {[%clk 0:03:10]} O-O
{[%clk 0:03:09]} 9. O-O {[%clk 0:03:11]} b6 {[%clk 0:03:10]} 10. f4
{[%clk 0:03:06]} Ba6 {[%clk 0:03:11]} 11. h3 {[%clk 0:02:59]} c4 {[%clk 0:03:11]}
12. Bc2 {[%clk 0:02:59]} b5 {[%clk 0:03:11]} 13. Nd4 {[%clk 0:02:46]} b4
{[%clk 0:03:02]} 14. Nce2 {[%clk 0:02:44]} Re8 {[%clk 0:03:00]} 15. Ng3
{[%clk 0:02:34]} Nbd7 {[%clk 0:02:49]} 16. Nc6 {[%clk 0:02:28]} Qb6+
{[%clk 0:02:40]} 17. Kh1 {[%clk 0:02:29]} Bb7 {[%clk 0:02:18]} 18. e5
{[%clk 0:01:34]} dxe5 {[%clk 0:02:12]} 19. fxe5 {[%clk 0:01:32]} Nxe5
{[%clk 0:02:08]} 20. Bg5 {[%clk 0:01:24]} Nxd5 {[%clk 0:01:56]} 21. Nxe5
{[%clk 0:01:16]} Rxe5 {[%clk 0:01:53]} 22. Qg4 {[%clk 0:01:02]} Ne3
{[%clk 0:01:27]} 23. Bxe3 {[%clk 0:01:01]} Rxe3 {[%clk 0:01:25]} 24. Rad1
{[%clk 0:00:49]} Qc6 {[%clk 0:01:08]} 25. Rf2 {[%clk 0:00:50]} Rae8
{[%clk 0:01:08]} 26. Rdf1 {[%clk 0:00:25]} Re1 {[%clk 0:01:08]} 27. Rxe1
{[%clk 0:00:19]} Rxe1+ 28. Kh2 Qc7 {[%clk 0:00:51]} 29. h4 {[%clk 0:00:08]} Be5
{[%clk 0:00:45]} 30. Rd2 {[%clk 0:00:04]} Re3 {[%clk 0:00:36]} 31. Kh1
{[%clk 0:00:05]} Bxg3 {[%clk 0:00:34]} 32. Rd1 {[%clk 0:00:06]} Qc6
{[%clk 0:00:29]} 33. Rg1 {[%clk 0:00:07]} Bf2 {[%clk 0:00:29]} 34. Rf1
{[%clk 0:00:05]} Rg3 {[%clk 0:00:28]} 35. Be4 {[%clk 0:00:03]} Rxg4
{[%clk 0:00:27]} 36. Bxc6 Rxh4# {[%clk 0:00:27]} 0-1

[Event "Team Championship Russia (Blitz, Men)"]
[Site "Sochi"]
[Date "2018.10.10"]
[Round "3.32"]
[White "Tereshechkina, Maya"]
[Black "Derjabin, Ilja"]
[Result "0-1"]
[BlackElo "2356"]
[WhiteElo "1991"]
[LiveChessVersion "1.4.8"]

1. d4 {[%clk 0:03:03]} Nf6 {[%clk 0:03:03]} 2. Nf3 {[%clk 0:03:04]} d6
{[%clk 0:03:03]} 3. c4 {[%clk 0:03:01]} Bf5 {[%clk 0:03:04]} 4. Nbd2
{[%clk 0:02:49]} Nbd7 {[%clk 0:03:03]} 5. Nh4 {[%clk 0:02:36]} Bg4
{[%clk 0:03:03]} 6. h3 {[%clk 0:02:22]} Bh5 {[%clk 0:03:04]} 7. g4
{[%clk 0:02:19]} Bg6 {[%clk 0:03:05]} 8. Nxg6 {[%clk 0:02:19]} hxg6
{[%clk 0:03:06]} 9. Bg2 {[%clk 0:02:19]} c6 {[%clk 0:03:07]} 10. Qc2
{[%clk 0:02:12]} e5 {[%clk 0:03:07]} 11. dxe5 {[%clk 0:01:59]} dxe5
{[%clk 0:03:07]} 12. b3 {[%clk 0:01:28]} Bc5 {[%clk 0:03:01]} 13. Bb2
{[%clk 0:01:23]} Qb6 {[%clk 0:03:01]} 14. e3 {[%clk 0:01:07]} O-O
{[%clk 0:02:58]} 15. O-O {[%clk 0:01:03]} Rfe8 {[%clk 0:02:58]} 16. a3
{[%clk 0:00:55]} a5 {[%clk 0:02:59]} 17. Bc3 {[%clk 0:00:53]} Bf8
{[%clk 0:02:44]} 18. Bb2 {[%clk 0:00:45]} Nc5 {[%clk 0:02:41]} 19. Bc3
{[%clk 0:00:33]} Rad8 {[%clk 0:02:07]} 20. b4 {[%clk 0:00:34]} axb4
{[%clk 0:02:08]} 21. axb4 Ne6 22. c5 {[%clk 0:00:32]} Qc7 {[%clk 0:02:11]} 23.
Ne4 {[%clk 0:00:32]} Nxe4 {[%clk 0:02:11]} 24. Bxe4 {[%clk 0:00:33]} Ng5
{[%clk 0:02:11]} 25. Bg2 {[%clk 0:00:34]} e4 {[%clk 0:02:07]} 26. Qb2
{[%clk 0:00:29]} Nf3+ {[%clk 0:02:02]} 27. Bxf3 {[%clk 0:00:29]} exf3
{[%clk 0:02:03]} 28. Rfd1 {[%clk 0:00:26]} Qe7 {[%clk 0:02:01]} 29. Rxd8
{[%clk 0:00:13]} Rxd8 {[%clk 0:02:03]} 30. Be5 {[%clk 0:00:13]} Qe6
{[%clk 0:01:32]} 31. Kh2 {[%clk 0:00:11]} Be7 {[%clk 0:01:27]} 32. Qc3
{[%clk 0:00:09]} f6 {[%clk 0:01:24]} 33. Bg3 {[%clk 0:00:10]} Qd5
{[%clk 0:01:19]} 34. Kg1 {[%clk 0:00:06]} Kf7 {[%clk 0:01:18]} 35. Rc1
{[%clk 0:00:07]} f5 {[%clk 0:01:10]} 36. gxf5 {[%clk 0:00:07]} Qxf5
{[%clk 0:01:11]} 37. Qc4+ {[%clk 0:00:08]} Kf8 {[%clk 0:01:10]} 38. Qf4
{[%clk 0:00:09]} Qxf4 {[%clk 0:00:49]} 39. Bxf4 {[%clk 0:00:11]} Kf7
{[%clk 0:00:50]} 40. Rc2 {[%clk 0:00:12]} Ke6 {[%clk 0:00:49]} 41. Kh2
{[%clk 0:00:13]} g5 {[%clk 0:00:50]} 42. Bc7 {[%clk 0:00:13]} Rd1
{[%clk 0:00:50]} 43. Kg3 {[%clk 0:00:14]} Rd7 {[%clk 0:00:41]} 44. Bb8
{[%clk 0:00:14]} Rd8 {[%clk 0:00:32]} 45. Bc7 {[%clk 0:00:15]} Rc8
{[%clk 0:00:33]} 46. Bb6 {[%clk 0:00:16]} Rf8 {[%clk 0:00:32]} 47. Rc4
{[%clk 0:00:16]} Bf6 {[%clk 0:00:31]} 48. Kg4 {[%clk 0:00:17]} Kd5
{[%clk 0:00:26]} 49. Rc1 {[%clk 0:00:18]} Ra8 {[%clk 0:00:15]} 50. Kf5
{[%clk 0:00:18]} Rh8 {[%clk 0:00:16]} 51. Kg4 {[%clk 0:00:19]} Rh4+
{[%clk 0:00:17]} 52. Kf5 {[%clk 0:00:19]} Rxh3 {[%clk 0:00:14]} 53. Bc7
{[%clk 0:00:20]} Rh4 {[%clk 0:00:14]} 54. Bg3 {[%clk 0:00:20]} Rxb4
{[%clk 0:00:14]} 55. e4+ {[%clk 0:00:14]} Rxe4 {[%clk 0:00:13]} 56. Rd1+
{[%clk 0:00:10]} Rd4 {[%clk 0:00:15]} 57. Re1 {[%clk 0:00:09]} Kxc5
{[%clk 0:00:14]} 58. Bb8 {[%clk 0:00:10]} Kd5 {[%clk 0:00:14]} 59. Ba7
{[%clk 0:00:08]} Rd3 {[%clk 0:00:15]} 60. Re8 {[%clk 0:00:08]} Kc4
{[%clk 0:00:15]} 61. Kg4 {[%clk 0:00:07]} Bd4 {[%clk 0:00:15]} 62. Re4
{[%clk 0:00:08]} c5 {[%clk 0:00:17]} 63. Bb8 {[%clk 0:00:08]} Kd5
{[%clk 0:00:18]} 64. Re8 {[%clk 0:00:06]} b5 {[%clk 0:00:18]} 65. Bg3
{[%clk 0:00:05]} b4 {[%clk 0:00:20]} 66. Rd8+ {[%clk 0:00:06]} Kc4
{[%clk 0:00:21]} 67. Kxg5 {[%clk 0:00:07]} b3 {[%clk 0:00:22]} 68. Rb8
{[%clk 0:00:07]} b2 {[%clk 0:00:23]} 69. Kg4 {[%clk 0:00:06]} Rb3
{[%clk 0:00:24]} 0-1

[Event "Team Championship Russia (Blitz, Men)"]
[Site "Sochi"]
[Date "2018.10.10"]
[Round "3.33"]
[White "Girshgorn, Leonid"]
[Black "Ozgibcev, Anatoly"]
[Result "1/2-1/2"]
[BlackElo "2353"]
[WhiteElo "2242"]
[LiveChessVersion "1.4.8"]

1. d4 {[%clk 0:03:03]} Nf6 {[%clk 0:03:03]} 2. Bf4 {[%clk 0:03:04]} d5
{[%clk 0:02:59]} 3. e3 {[%clk 0:03:05]} c6 {[%clk 0:02:57]} 4. c4
{[%clk 0:03:01]} e6 {[%clk 0:02:57]} 5. Nc3 {[%clk 0:03:01]} Bd6 {[%clk 0:02:57]}
6. Bxd6 {[%clk 0:02:57]} Qxd6 {[%clk 0:02:58]} 7. Nf3 {[%clk 0:02:58]} Nbd7
{[%clk 0:02:55]} 8. Be2 {[%clk 0:02:58]} O-O {[%clk 0:02:55]} 9. O-O
{[%clk 0:02:58]} e5 {[%clk 0:02:50]} 10. dxe5 {[%clk 0:02:58]} Nxe5
{[%clk 0:02:51]} 11. Nxe5 {[%clk 0:02:59]} Qxe5 {[%clk 0:02:51]} 12. cxd5
{[%clk 0:03:00]} Nxd5 {[%clk 0:02:34]} 13. Nxd5 {[%clk 0:03:00]} cxd5
{[%clk 0:02:33]} 14. Qd2 {[%clk 0:02:51]} Be6 {[%clk 0:02:28]} 15. Rac1
{[%clk 0:02:45]} Rfc8 {[%clk 0:02:21]} 16. Rxc8+ {[%clk 0:02:42]} Rxc8
{[%clk 0:02:22]} 17. Rc1 {[%clk 0:02:43]} Rxc1+ {[%clk 0:02:01]} 18. Qxc1
{[%clk 0:02:46]} d4 {[%clk 0:01:44]} 19. Qd2 {[%clk 0:02:47]} Bxa2
{[%clk 0:01:34]} 20. exd4 {[%clk 0:02:48]} Qc7 {[%clk 0:01:30]} 21. Bf3
{[%clk 0:02:32]} h6 {[%clk 0:01:11]} 22. h3 {[%clk 0:02:32]} b6 {[%clk 0:01:08]}
23. Qe3 {[%clk 0:02:18]} Qd8 {[%clk 0:01:03]} 24. Qe5 {[%clk 0:02:10]} f6
{[%clk 0:00:52]} 25. Qf4 {[%clk 0:02:11]} Bf7 {[%clk 0:00:52]} 26. d5
{[%clk 0:01:50]} a5 {[%clk 0:00:50]} 27. d6 {[%clk 0:01:51]} Kf8 {[%clk 0:00:51]}
28. Bc6 {[%clk 0:01:44]} Be6 {[%clk 0:00:51]} 29. Bb5 {[%clk 0:01:19]} Kf7
{[%clk 0:00:50]} 30. Qd4 {[%clk 0:01:03]} Kf8 {[%clk 0:00:47]} 31. b4
{[%clk 0:00:58]} axb4 {[%clk 0:00:41]} 32. Qxb4 {[%clk 0:00:44]} Kf7
{[%clk 0:00:41]} 33. Qd4 {[%clk 0:00:42]} Kf8 {[%clk 0:00:41]} 34. d7
{[%clk 0:00:41]} Ke7 {[%clk 0:00:41]} 35. Qb4+ {[%clk 0:00:43]} Kf7
{[%clk 0:00:42]} 36. Qd6 {[%clk 0:00:43]} Ba2 {[%clk 0:00:40]} 37. Be2
{[%clk 0:00:24]} Bb3 {[%clk 0:00:34]} 38. Bh5+ {[%clk 0:00:22]} Kg8
{[%clk 0:00:35]} 39. Qc6 {[%clk 0:00:18]} Kf8 {[%clk 0:00:32]} 40. Qd6+
{[%clk 0:00:13]} Kg8 {[%clk 0:00:33]} 41. Bg4 {[%clk 0:00:11]} Bf7
{[%clk 0:00:33]} 42. Bf5 {[%clk 0:00:10]} h5 {[%clk 0:00:30]} 43. h4
{[%clk 0:00:08]} g6 {[%clk 0:00:28]} 44. Bd3 {[%clk 0:00:09]} Kg7
{[%clk 0:00:30]} 45. Bb5 {[%clk 0:00:05]} Bg8 {[%clk 0:00:28]} 46. Qc6
{[%clk 0:00:05]} Kf8 {[%clk 0:00:29]} 47. Qd6+ {[%clk 0:00:04]} Kg7
{[%clk 0:00:30]} 48. Bd3 {[%clk 0:00:05]} Bf7 {[%clk 0:00:31]} 49. Be4
{[%clk 0:00:05]} b5 {[%clk 0:00:30]} 50. Bd3 {[%clk 0:00:05]} b4 {[%clk 0:00:32]}
51. Bb5 {[%clk 0:00:04]} b3 {[%clk 0:00:31]} 52. Qd4 {[%clk 0:00:05]} Kf8
{[%clk 0:00:27]} 53. Bd3 {[%clk 0:00:04]} Kg7 {[%clk 0:00:27]} 54. Kh2
{[%clk 0:00:04]} b2 {[%clk 0:00:28]} 55. Qxb2 Qxd7 56. Qe2 {[%clk 0:00:04]} Qd6+
{[%clk 0:00:30]} 57. g3 {[%clk 0:00:05]} Qc5 {[%clk 0:00:31]} 58. Qf3
{[%clk 0:00:06]} Qd4 {[%clk 0:00:32]} 59. Be2 {[%clk 0:00:05]} Bd5
{[%clk 0:00:32]} 60. Qe3 {[%clk 0:00:05]} Qxe3 {[%clk 0:00:18]} 61. fxe3
{[%clk 0:00:06]} Be4 {[%clk 0:00:19]} 62. Kg1 {[%clk 0:00:07]} Kf7
{[%clk 0:00:19]} 63. Bc4+ {[%clk 0:00:09]} Ke7 64. Kf2 Kd6 {[%clk 0:00:22]} 65.
Bf7 {[%clk 0:00:10]} Ke5 {[%clk 0:00:23]} 66. Ke2 {[%clk 0:00:10]} Kf5
{[%clk 0:00:24]} 67. Kf2 {[%clk 0:00:09]} Bd3 {[%clk 0:00:25]} 68. Be8
{[%clk 0:00:10]} Be4 {[%clk 0:00:24]} 69. Bd7+ {[%clk 0:00:11]} Ke5
{[%clk 0:00:25]} 70. Bc8 {[%clk 0:00:12]} Bf5 {[%clk 0:00:26]} 71. Bb7
{[%clk 0:00:12]} Be4 {[%clk 0:00:27]} 72. Ba6 {[%clk 0:00:13]} Bd5
{[%clk 0:00:24]} 73. Bd3 {[%clk 0:00:14]} Be4 {[%clk 0:00:26]} 74. Bc4
{[%clk 0:00:16]} Bc2 {[%clk 0:00:27]} 75. Bb5 {[%clk 0:00:17]} Kf5
{[%clk 0:00:27]} 76. Bd7+ {[%clk 0:00:17]} Ke5 {[%clk 0:00:26]} 77. Bc6
{[%clk 0:00:18]} Bd3 {[%clk 0:00:29]} 78. Be8 {[%clk 0:00:19]} Bf5
{[%clk 0:00:29]} 79. Bf7 {[%clk 0:00:20]} Be4 {[%clk 0:00:30]} 80. Be8
{[%clk 0:00:20]} Bd3 {[%clk 0:00:31]} 81. Bc6 {[%clk 0:00:20]} Kf5
{[%clk 0:00:32]} 82. Kf3 {[%clk 0:00:19]} Ke5 {[%clk 0:00:32]} 83. Be8
{[%clk 0:00:18]} Bc2 {[%clk 0:00:33]} 84. Bf7 {[%clk 0:00:18]} Be4+
{[%clk 0:00:33]} 1/2-1/2

[Event "Team Championship Russia (Blitz, Men)"]
[Site "Sochi"]
[Date "2018.10.10"]
[Round "3.34"]
[White "Dilmukhametov, Artur"]
[Black "Tsvetkov, Andrey"]
[Result "1-0"]
[BlackElo "2215"]
[WhiteElo "2375"]
[LiveChessVersion "1.4.8"]

1. d4 {[%clk 0:03:02]} d5 {[%clk 0:03:04]} 2. Nc3 {[%clk 0:03:03]} Nf6
{[%clk 0:03:02]} 3. Bf4 {[%clk 0:03:04]} c5 {[%clk 0:03:00]} 4. e3
{[%clk 0:03:05]} Nc6 {[%clk 0:02:55]} 5. Nb5 {[%clk 0:03:04]} e5 {[%clk 0:02:47]}
6. dxe5 {[%clk 0:03:05]} Ng8 {[%clk 0:02:10]} 7. Qxd5 {[%clk 0:03:03]} Bf5
{[%clk 0:01:50]} 8. O-O-O {[%clk 0:01:50]} Qa5 {[%clk 0:01:26]} 9. e6
{[%clk 0:01:39]} Bxe6 {[%clk 0:00:46]} 10. Nc7+ {[%clk 0:01:17]} Qxc7
{[%clk 0:00:46]} 11. Qxe6+ {[%clk 0:01:18]} fxe6 {[%clk 0:00:47]} 12. Bxc7
{[%clk 0:01:19]} Nf6 {[%clk 0:00:47]} 13. f3 {[%clk 0:01:15]} Nd5
{[%clk 0:00:43]} 14. Bf4 {[%clk 0:01:12]} Nxf4 {[%clk 0:00:39]} 15. exf4
{[%clk 0:01:13]} Rd8 {[%clk 0:00:39]} 16. Re1 {[%clk 0:01:12]} Bd6
{[%clk 0:00:20]} 17. g3 {[%clk 0:01:11]} Kf7 {[%clk 0:00:19]} 18. Bc4
{[%clk 0:01:11]} Rhe8 {[%clk 0:00:21]} 19. f5 {[%clk 0:01:12]} Nd4
{[%clk 0:00:16]} 20. fxe6+ {[%clk 0:01:13]} Nxe6 {[%clk 0:00:16]} 21. Nh3
{[%clk 0:01:04]} Kf6 {[%clk 0:00:16]} 22. Bxe6 {[%clk 0:00:53]} Rxe6
{[%clk 0:00:16]} 23. Rxe6+ {[%clk 0:00:54]} Kxe6 24. Ng5+ Kf5 {[%clk 0:00:08]}
25. Ne4 {[%clk 0:00:52]} Be7 {[%clk 0:00:00]} 1-0

[Event "Team Championship Russia (Blitz, Men)"]
[Site "Sochi"]
[Date "2018.10.10"]
[Round "3.35"]
[White "Mochalin, Faddey"]
[Black "Inozemtsev, Sergei"]
[Result "0-1"]
[BlackElo "2312"]
[WhiteElo "1886"]
[LiveChessVersion "1.4.8"]

1. d4 {[%clk 0:03:03]} e6 {[%clk 0:03:03]} 2. c4 {[%clk 0:03:04]} Nf6
{[%clk 0:03:02]} 3. Nf3 {[%clk 0:03:03]} b6 {[%clk 0:03:04]} 4. g3
{[%clk 0:03:04]} Ba6 {[%clk 0:03:05]} 5. b3 {[%clk 0:03:03]} d5 {[%clk 0:03:06]}
6. cxd5 {[%clk 0:03:01]} exd5 {[%clk 0:03:06]} 7. Bg2 {[%clk 0:03:02]} Bd6
{[%clk 0:03:03]} 8. O-O {[%clk 0:03:01]} h6 {[%clk 0:03:01]} 9. Bb2
{[%clk 0:03:01]} O-O {[%clk 0:02:59]} 10. Nbd2 {[%clk 0:02:58]} Re8
{[%clk 0:02:59]} 11. Ne5 {[%clk 0:02:57]} c5 {[%clk 0:02:54]} 12. f4
{[%clk 0:02:42]} cxd4 {[%clk 0:02:52]} 13. Bxd4 {[%clk 0:02:43]} Bc5
{[%clk 0:02:52]} 14. Ndf3 {[%clk 0:02:30]} Nbd7 {[%clk 0:02:51]} 15. Re1
{[%clk 0:02:09]} Ne4 {[%clk 0:02:33]} 16. Bxc5 {[%clk 0:01:49]} Ndxc5
{[%clk 0:02:32]} 17. Rc1 {[%clk 0:01:30]} Nf6 {[%clk 0:02:06]} 18. Nd4
{[%clk 0:01:13]} Nce4 {[%clk 0:01:56]} 19. Rc6 {[%clk 0:00:31]} Bb7
{[%clk 0:01:50]} 20. Rc2 {[%clk 0:00:32]} Rc8 {[%clk 0:01:48]} 21. Qc1
{[%clk 0:00:26]} Rc5 {[%clk 0:01:48]} 22. b4 {[%clk 0:00:24]} Rxc2
{[%clk 0:01:44]} 23. Qxc2 {[%clk 0:00:26]} Nd6 {[%clk 0:01:37]} 24. Rc1
{[%clk 0:00:21]} Nc4 {[%clk 0:01:36]} 25. Nxc4 {[%clk 0:00:18]} dxc4
{[%clk 0:01:37]} 26. Qxc4 {[%clk 0:00:13]} Bxg2 {[%clk 0:01:38]} 27. Kxg2
{[%clk 0:00:14]} Nd5 {[%clk 0:01:36]} 28. Kf2 {[%clk 0:00:08]} Ne3
{[%clk 0:01:33]} 29. Qd3 {[%clk 0:00:03]} Ng4+ {[%clk 0:01:32]} 30. Ke1
{[%clk 0:00:03]} Qd6 {[%clk 0:01:27]} 31. Rc6 {[%clk 0:00:03]} Qxb4+
{[%clk 0:01:28]} 32. Kf1 {[%clk 0:00:03]} Nxh2+ {[%clk 0:01:22]} 33. Kg2
{[%clk 0:00:05]} Ng4 {[%clk 0:01:23]} 34. Kf3 {[%clk 0:00:05]} Re3+
{[%clk 0:01:23]} 35. Qxe3 {[%clk 0:00:06]} Nxe3 {[%clk 0:01:24]} 36. Kxe3
{[%clk 0:00:05]} Qa3+ {[%clk 0:01:24]} 37. Ke4 {[%clk 0:00:05]} Qxa2
{[%clk 0:01:24]} 38. e3 {[%clk 0:00:05]} b5 {[%clk 0:01:23]} 39. Rc8+
{[%clk 0:00:05]} Kh7 {[%clk 0:01:24]} 40. Rc7 {[%clk 0:00:04]} b4
{[%clk 0:01:25]} 41. Rxf7 {[%clk 0:00:04]} Qxf7 {[%clk 0:01:25]} 0-1

[Event "Team Championship Russia (Blitz, Men)"]
[Site "Sochi"]
[Date "2018.10.10"]
[Round "3.36"]
[White "Pogromsky, Mikhail"]
[Black "Dudin, Gleb"]
[Result "1-0"]
[BlackElo "2079"]
[WhiteElo "2462"]
[LiveChessVersion "1.4.8"]

1. Nf3 {[%clk 0:03:03]} Nf6 {[%clk 0:03:03]} 2. c4 {[%clk 0:03:04]} c6
{[%clk 0:03:04]} 3. d4 {[%clk 0:03:04]} d5 {[%clk 0:03:05]} 4. Qb3
{[%clk 0:03:06]} dxc4 5. Qxc4 {[%clk 0:03:07]} Bg4 {[%clk 0:03:07]} 6. Nbd2
{[%clk 0:03:04]} e6 {[%clk 0:03:07]} 7. g3 {[%clk 0:03:02]} Nbd7 {[%clk 0:03:08]}
8. Bg2 {[%clk 0:03:04]} Bd6 {[%clk 0:03:00]} 9. O-O {[%clk 0:03:04]} O-O
{[%clk 0:03:00]} 10. b3 {[%clk 0:02:52]} e5 {[%clk 0:02:46]} 11. dxe5
{[%clk 0:02:50]} Nxe5 {[%clk 0:02:41]} 12. Qc2 {[%clk 0:02:51]} Bh5
{[%clk 0:01:51]} 13. Bb2 {[%clk 0:02:50]} Bg6 {[%clk 0:01:52]} 14. Qc1
{[%clk 0:02:42]} Re8 {[%clk 0:01:32]} 15. Nxe5 {[%clk 0:02:28]} Bxe5
{[%clk 0:01:33]} 16. Nf3 {[%clk 0:02:24]} Bxb2 {[%clk 0:01:16]} 17. Qxb2
{[%clk 0:02:25]} Qe7 {[%clk 0:01:04]} 18. e3 {[%clk 0:01:59]} a5 {[%clk 0:01:05]}
19. Rfd1 {[%clk 0:01:54]} Be4 {[%clk 0:00:58]} 20. Rd4 {[%clk 0:01:41]} Nd5
{[%clk 0:00:37]} 21. Rad1 {[%clk 0:01:37]} Qf6 {[%clk 0:00:31]} 22. Ne1
{[%clk 0:01:37]} Bxg2 {[%clk 0:00:27]} 23. Nxg2 {[%clk 0:01:21]} h6
{[%clk 0:00:10]} 24. a3 {[%clk 0:01:11]} a4 {[%clk 0:00:07]} 25. b4
{[%clk 0:01:12]} Nc7 {[%clk 0:00:05]} 26. Qc1 {[%clk 0:01:06]} Nb5
{[%clk 0:00:05]} 27. Rd7 {[%clk 0:01:07]} Nc3 {[%clk 0:00:04]} 28. Re1
{[%clk 0:01:07]} b5 {[%clk 0:00:04]} 29. Nf4 {[%clk 0:00:52]} g6 {[%clk 0:00:05]}
30. Ne2 {[%clk 0:00:37]} Nxe2+ {[%clk 0:00:04]} 31. Rxe2 {[%clk 0:00:38]} Rad8
{[%clk 0:00:03]} 32. Red2 {[%clk 0:00:38]} Rxd7 {[%clk 0:00:04]} 33. Rxd7
{[%clk 0:00:40]} Qe6 {[%clk 0:00:03]} 34. Qd2 {[%clk 0:00:30]} Rc8
{[%clk 0:00:03]} 35. Qd4 {[%clk 0:00:30]} h5 {[%clk 0:00:03]} 36. h4
{[%clk 0:00:31]} Qe8 {[%clk 0:00:03]} 37. Qd6 {[%clk 0:00:24]} Qe4
{[%clk 0:00:03]} 38. Qf6 {[%clk 0:00:24]} Qe8 {[%clk 0:00:03]} 39. Re7
{[%clk 0:00:24]} Qf8 {[%clk 0:00:04]} 40. e4 {[%clk 0:00:24]} Re8
{[%clk 0:00:04]} 41. Rc7 {[%clk 0:00:23]} Rxe4 {[%clk 0:00:04]} 42. Rxc6
{[%clk 0:00:22]} Qe8 {[%clk 0:00:04]} 43. Rd6 {[%clk 0:00:21]} Re1+ 44. Kh2 Re7
{[%clk 0:00:04]} 45. Qd4 {[%clk 0:00:23]} Re6 {[%clk 0:00:03]} 46. Rd8
{[%clk 0:00:24]} 1-0